Statistiques concernant Les chroniqueurs de l'émission "On n'est pas couché"

Cliquez ici pour prendre le quiz!

Statistiques générales

  • Ce quiz a été pris 69 fois
  • Le résultat moyen est 7 sur 10

Statistiques - réponses

DuréeChroniqueur% Correct
2006-2011Eric Zemmour
97%
2007-2011Eric Naulleau
92%
2015-Yann Moix
84%
2012-2015Aymeric Caron
82%
2014-2016Léa Salamé
82%
2011-2014Natacha Polony
79%
2011-2012Audrey Pulvar
61%
2016-2017Vanessa Burggraf
57%
2017-Christine Angot
56%
2006-2007Michel Polac
44%

Distribution des résultats

Percentile par nombre de réponses

% des personnes avec chaque résultat

Votre développement - résultats

Vous n’avez pas pris ce quiz